| 000 | 01294nac a22002411u 4500 | ||
|---|---|---|---|
| 008 | 100906t xxu||||| |||| 00| 0 eng d | ||
| 010 | _a2003051241 | ||
| 020 | _a8120324838 | ||
| 082 | 0 | 0 |
_a005.7585 _bH671 |
| 100 |
_a20080729 _918363 |
||
| 245 | 0 | 0 |
_aMicrosoft SQL Server 2000 high availability / _cAllan Hirt ... [et al.]. |
| 246 | 3 | 0 | _aSQL Server 2000 high availability |
| 260 |
_aNew Delhi : _bPrentice Hall of India, _cc2004. |
||
| 300 |
_axxiv, 754 p. : _bill. ; _c23 cm. + _e1 CD-ROM (4 3/4 in.) |
||
| 500 | _aIncludes index. | ||
| 650 | 0 |
_aClient/server computing. _918364 |
|
| 700 | 1 |
_aHirt, Allan. _918365 |
|
| 942 |
_cBB _k005.7585H671 _2ddc |
||
| 999 |
_c550 _d550 |
||